01458nam a2200349 a 4500001001000000003000900010005001700019007000300036008003800039040003000077082003100107092000600138245008400144250000600228260000600234264006900240300002800309336002800337337003500365338003000400590002600430590002600456600006900482651006100551710004600612910004100658942001200699952012400711952012800835952012800963999001701091000004203DO-SdBPM20260422140238.0ta090720s2012 dr bc 001 0 spa d aDO-SdBPMbspacBPMSUerda04a923.287 bB689b, 2012222 a 10aBiografía de Simón Bolívar /beditor L. Almanzor González Canahuatec  a  c  aSanto Domingo :b Movimiento Social Duartiano-Bolivarianoc2012 apáginas ;c21 cm.b  atexto btxt2rdacontent asin mediación bn2rdamedia  avolumen bnc2rdacarrier  aInventariado, 2026/VM 6Inventariado, 2026/VM17aBolívar, Simón b1783-1830x Pensamiento político y social 4aVenezuela xHistoria yGuerra de independencia, 810-18232 a Movimiento Social Duartiano-Bolivariano aVMateo V. Control de calidad. BPMSU  2ddccBK 00102ddc708CDaBPMETbBPMETd2026-04-22l0oBPMSU CD 923.287 B689b, 2012pBPMSUT26040020r2026-04-22w2026-04-22yBK 00102ddc708CDaBPMETbBPMETd2026-04-22l0oBPMSU CD 923.287 B689b, 2012pBPMSU26040021r2026-04-22te.2w2026-04-22yBK 00102ddc708CDaBPMETbBPMETd2026-04-22l0oBPMSU CD 923.287 B689b, 2012pBPMSU26040022r2026-04-22te.3w2026-04-22yBK c15787d15787